Kabale University Library Catalogue

Advanced Introduction to Public Management and Administration / (Record no. 1330)

MARC details
000 -LEADER
fixed length control field 00883cam a2200265 a 4500
003 - CONTROL NUMBER IDENTIFIER
control field OSt
005 - DATE AND TIME OF LATEST TRANSACTION
control field 20200801115709.0
008 - FIXED-LENGTH DATA ELEMENTS--GENERAL INFORMATION
fixed length control field 151007t20162016ph b 001 0 eng d
020 ## - INTERNATIONAL STANDARD BOOK NUMBER
International Standard Book Number 9781784712334
Qualifying information (paperback)
020 ## - INTERNATIONAL STANDARD BOOK NUMBER
International Standard Book Number 1784712337
Qualifying information (paperback)
040 ## - CATALOGING SOURCE
Original cataloging agency PHADU
Transcribing agency KABLIB
Modifying agency KABLIB
042 ## - AUTHENTICATION CODE
Authentication code lccopycat
082 04 - DEWEY DECIMAL CLASSIFICATION NUMBER
Classification number 351
Edition number 23
Item number POL
100 1# - MAIN ENTRY--PERSONAL NAME
Personal name Pollitt, Christopher,
Relator term Author.
9 (RLIN) 3860
245 10 - TITLE STATEMENT
Title Advanced Introduction to Public Management and Administration /
Statement of responsibility, etc. Christopher Pollitt.
264 #1 - PRODUCTION, PUBLICATION, DISTRIBUTION, MANUFACTURE, AND COPYRIGHT NOTICE
Place of production, publication, distribution, manufacture Cheltenham, UK :
Name of producer, publisher, distributor, manufacturer Edward Elgar Publishing,
Date of production, publication, distribution, manufacture, or copyright notice [2016].
264 #4 - PRODUCTION, PUBLICATION, DISTRIBUTION, MANUFACTURE, AND COPYRIGHT NOTICE
Date of production, publication, distribution, manufacture, or copyright notice ©2016
300 ## - PHYSICAL DESCRIPTION
Extent xvi, 170 pages ;
Dimensions 22 cm.
490 1# - SERIES STATEMENT
Series statement Elgar advanced introductions
500 ## - GENERAL NOTE
General note Includes index.
504 ## - BIBLIOGRAPHY, ETC. NOTE
Bibliography, etc. note Includes bibliographical references (pages 153-162).
650 #0 - SUBJECT ADDED ENTRY--TOPICAL TERM
Topical term or geographic name entry element Public administration.
9 (RLIN) 3861
830 #0 - SERIES ADDED ENTRY--UNIFORM TITLE
Uniform title Elgar advanced introductions.
9 (RLIN) 3862
942 ## - ADDED ENTRY ELEMENTS (KOHA)
Source of classification or shelving scheme Dewey Decimal Classification
Koha item type Book
Holdings
Withdrawn status Lost status Source of classification or shelving scheme Damaged status Not for loan Home library Current library Shelving location Date acquired Total Checkouts Full call number Barcode Date last seen Price effective from Koha item type
    Dewey Decimal Classification     Mukombe Library Mukombe Library Open Access Section 01.08.2020   351 POL 6395 23.07.2024 01.08.2020 Book
    Dewey Decimal Classification     Mukombe Library Mukombe Library Open Access Section 01.08.2020   351 POL 6396 23.07.2024 01.08.2020 Book

Kabale University Library | Kabale University P.O Box 317, Kabale, Uganda
Tel : +256754017033, +256774661503 E-mail : library@kab.ac.ug